| 000 | 00440nam a22001697a 4500 | ||
|---|---|---|---|
| 003 | NUST - PNEC | ||
| 005 | 20170116181032.0 | ||
| 008 | 150919b xxu||||| |||| 00| 0 eng d | ||
| 020 | _a0198520263 | ||
| 040 | _cLIBRARY | ||
| 082 | _a621.89 BOW | ||
| 100 |
_911119 _aBowden, Frank Philip |
||
| 245 |
_aThe friction and lubrication of solids _cFrank Philip Bowden |
||
| 260 | _cc.1950 | ||
| 650 |
_911121 _aFriction _xEE |
||
| 942 |
_2ddc _cBK |
||
| 999 |
_c67760 _d67760 |
||